=LDR 00000nam 2200000 4500 =001 INLIS000000000036120 =005 20141215120651.0 =006 =007 =008 Ind =035 ##$$0010-061300000036120 =041 ##$$a Ind =082 ##$$a F Rom K =090 ##$$a F Rom K, Joh m =100 ##$$a Johan =245 ##$$a Malam para penyihir, Johan dan Pirlamit =260 ##$$a Jakarta $b PT. Elexmedia komputindo $c 2011 =300 ##$$a 48 hlm, ilus, 28 cm =650 ##$$a Fiksi kanak-kanak =700 ##$$a Pirlouit =850 ##$$a NBPNMAT